Co je to populismus?
Guardado en:
| Autor principal: | |
|---|---|
| Otros Autores: | |
| Formato: | Libro |
| Lenguaje: | checo |
| Publicado: |
Praha
Dybbuk
2018
|
| Edición: | 1. vydání |
| Materias: | |
| Etiquetas: |
Sin Etiquetas, Sea el primero en etiquetar este registro!
|
MARC
| LEADER | 00000nam a2200000 4500 | ||
|---|---|---|---|
| 001 | 0240278 | ||
| 005 | 20240221112621.1 | ||
| 020 | |a 978-80-7438-183-6 | ||
| 041 | 0 | |a cze | |
| 044 | |a CZ | ||
| 245 | 1 | 0 | |a Co je to populismus? |c Jan-Werner Müller |
| 250 | |a 1. vydání | ||
| 264 | 1 | |a Praha |b Dybbuk |c 2018 | |
| 300 | |a 118 s. | ||
| 610 | 2 | 0 | |a populizmus |
| 610 | 2 | 0 | |a politika |
| 610 | 2 | 0 | |a moc politická |
| 610 | 2 | 0 | |a vyjednávanie |
| 610 | 2 | 0 | |a spoločnosť občianska |
| 610 | 2 | 0 | |a demokracia |
| 100 | 1 | |a Müller, Jan-Werner | |
| 700 | 1 | |a Hofmeisterová, Markéta | |